00268nam a2200121Ia 45000030006000000080041000060400015000471000011000622450035000732600009001085460012001170050017001290STCL150530s9999 xx 000 0 und d aSTCLcSTCL aPorter aMyth and modern American drama c1969 aEnglish20220125171355.0